Dissertationes Juridicae de Tutelis et Curatelis Secundùm jus Commune et Bohemicum Theorico Practice deductae : quas sub auspiciis Augustissimi, et invictissimi Romanorum Imperatoris Caroli VI. Germaniae, Hispaniarum, Hungariae, Bohemiae, Dalmatiae, Croatiae, Sclavoniae Regis, Catholici, et Potentissimi Archi-Ducis Austriae, Etc. &c. Pii, Felicis, inclyti, Victoris et Triumphatoris, Gloriosissimi, in alma Caesarea Regiaque Universitate Carolo-Ferdinandaea Pragensi. Sub Rectoratu Praenobilis, Generosi, Clarissimi ac Consultissimi Viri D. Wenceslai Xaverii, Neümann de Puchholtz, J.U. Doctoris, Sacrae Caesareae, Regiaeque Majestatis Consiliarii, in Alma Caesarea, Regiaque Universitate Carolo-Ferdinandaea Pragensi SS. Canonum Professoris Regii Publici, ac Ordinarii in Regno Bohemiae, Regii Fisci Adjuncti, & Advocati Jurati, Inclytae Facultatis Juridicae Senioris, nec non praenominatae Almae Universitatis. P. t. /

Hlavní autor: Hennet, Franciscus Leopoldus
Další autoři: Broichausen, Heinrich Peter, -1747, Neumann de Buchholtz, Wenceslaus Xaverius
Jazyk: Latina
Vydáno: Vetero-Pragae : Typis Joannis Henrici Emler, 1729
Témata:
Fyzický popis: [8], 80, [5] s. ; 8°
Knihy
Uloženo v:
LEADER 02683nam a2200337 a 4500
001 mzk03001080616
003 CZ BrMZK
005 20100512104702.0
007 ta
008 100512s1729 xr fr|||||00| ||latod
040 |a BOA001  |b cze 
072 7 |a 094  |x Staré tisky  |2 Konspekt  |9 12 
080 |a (0.068)094  |2 MRF 
100 1 |a Hennet, Franciscus Leopoldus  |4 aut 
245 1 0 |a Dissertationes Juridicae de Tutelis et Curatelis Secundùm jus Commune et Bohemicum Theorico Practice deductae :  |b quas sub auspiciis Augustissimi, et invictissimi Romanorum Imperatoris Caroli VI. Germaniae, Hispaniarum, Hungariae, Bohemiae, Dalmatiae, Croatiae, Sclavoniae Regis, Catholici, et Potentissimi Archi-Ducis Austriae, Etc. &c. Pii, Felicis, inclyti, Victoris et Triumphatoris, Gloriosissimi, in alma Caesarea Regiaque Universitate Carolo-Ferdinandaea Pragensi. Sub Rectoratu Praenobilis, Generosi, Clarissimi ac Consultissimi Viri D. Wenceslai Xaverii, Neümann de Puchholtz, J.U. Doctoris, Sacrae Caesareae, Regiaeque Majestatis Consiliarii, in Alma Caesarea, Regiaque Universitate Carolo-Ferdinandaea Pragensi SS. Canonum Professoris Regii Publici, ac Ordinarii in Regno Bohemiae, Regii Fisci Adjuncti, & Advocati Jurati, Inclytae Facultatis Juridicae Senioris, nec non praenominatae Almae Universitatis. P. t. /  |c Rectoris Magnifici, Annuente Amplissimo Juris-Consultorum Collegio Praeside, Praenobili, Generoso, Clarissimo, ac Consultissimo Viro. D. Henrico Petro Broichausen J.U. Doctore, in praefata Universitate Carolo-Ferdinanaea Pragensi Pandectarum Professore Regio Publico, ac Ordinario, Pro consequenda in Utroque Jure, Laurea Publicae Disquisitioni exposuit Praenobilis Dominus Franciscus Leopoldus Hennet, Bohemus Cziaslaviensis, AA. LL. & Philosophiae Magister, in hoc Inclyto Regno Bohemiae clementissimè resolutus Regiarum Appellationum Consiliarius. Anno M.DCC.XXIX. Mense Novembris Die 17 Honoris ante Meridiem consuetis 
260 |a Vetero-Pragae :  |b Typis Joannis Henrici Emler,  |c 1729 
300 |a [8], 80, [5] s. ;  |c 8° 
500 |a Výzdoba: Vlysy, iniciály, viněty 
501 |a Přívazek 4 k: Actio et Exactio ad Jus Bohemicum adaptata ... / Václav Neumann z Pucholce 
655 7 |a staré tisky  |7 fd422076  |2 czenas 
700 1 |a Broichausen, Heinrich Peter,  |d -1747  |7 ola2009531271  |4 oth 
700 1 |a Neumann de Buchholtz, Wenceslaus Xaverius  |4 oth 
903 |a RP 
910 |a BOA001  |b ST1-1241.268,přív.4 
978 |b Emler, Jan Jindřich  |a Praha  |c 1729 
984 |a Praha  |b Česko 
985 |a 1701-1750 
990 |a BK 
993 |a Y 
991 |k mzk 
994 |a UP  |l MZK03  |b 001080612  |m přívazek 4  |n záznam 1. díla (pro objednání pokračujte kliknutím)